| 000 | 00751nam a2200193 a 4500 | ||
|---|---|---|---|
| 003 | 0 | ||
| 005 | 20250212151159.0 | ||
| 008 | 130129s19uu xx 00 eng d | ||
| 050 |
_aPHS BX 8526.5 _b.G216 2012 |
||
| 100 | _aGarcia, Chiara Grace Lasam. | ||
| 245 |
_aJehovah's witness youths during the Nazi regime, 1933-1945 / _cChiara Grace Lasam Garcia. |
||
| 260 |
_aLas Piñas City, Philippines : _bSouthville International School and Colleges, _c2012. |
||
| 300 |
_a84 pages : _billustrations ; _c28 cm. |
||
| 504 | _aIncludes bibliographical references. | ||
| 650 |
_aChildren _xNazi persecution. |
||
| 650 |
_aHolocaust survivors _xNarratives. |
||
| 650 |
_aJehovah’s Witnesses _xPersecution _zGermany _vHistory _y20th century. |
||
| 942 |
_2lcc _cPASS |
||
| 999 |
_c98878 _d98878 |
||